000 00583ntaaa2200181 4500
003 01
005 20251027203035.0
008 0714s1973 ag 01
040 _aAR-BaBN
_bspa
_cAR-BaBN
_eaacr
_dRIC
082 _a220.5600 D56s
245 _aLa Sagrada Biblia
250 _a1 ed. reim
260 _aBuenos Aires :
_bEDC,
_c1963, 1980
300 _a v ;
_cilustr. ; 31,5 cm
500 _aBibioteca posee los vol. 2 y 3 que corresponden a los libros hitóricos del A.T. El vol 3 contiene Indice analítico e Indice de ilustraciones
650 _aBiblia-Castellano
_99454
942 _cBK
999 _c25760
_d25760